000
00338nam a2200133Ia 4500
008
240624s9999 xx 000 0 und d
041
_a
eng
082
_a
658.4092 SAL
100
_a
SALICRU SEBASTIAN
245
_a
LEADERSHIP RESULTS HOW TO CREATE ADAPTIV
260
_c
2017
_a
Uncertain World
_b
Wiley
300
_a
392 p.
365
_c
_b
28
999
_c
30241
_d
30241